Dlhodobý nehmotný majetok v účtovníctve podnikateľov SR a IFRS

Harmonizácia účtovníctva v rámci Európskej únie prostredníctvom medzinárodných štandardov pre finančné vykazovanie (IFRS=International financial reporting standards). Previazanosť zákona o účtovníctve na iné právne predpisy v SR. Charakteristika a obsahové vymedzenie dlhodobého nehmotného majetku po...

Descripción completa

Guardado en:
Detalles Bibliográficos
Autor principal: Mokošová, Daša, 1979-
Formato: Capítulo de libro
Lenguaje:eslovaco
Materias:
Etiquetas: Agregar Etiqueta
Sin Etiquetas, Sea el primero en etiquetar este registro!

MARC

LEADER 00000nla$a2200000$$$4500
001 0047652
005 20240502071541.1
041 0 |a slo 
044 |a SK 
245 1 0 |a Dlhodobý nehmotný majetok v účtovníctve podnikateľov SR a IFRS  |c Daša Mokošová 
520 |a Harmonizácia účtovníctva v rámci Európskej únie prostredníctvom medzinárodných štandardov pre finančné vykazovanie (IFRS=International financial reporting standards). Previazanosť zákona o účtovníctve na iné právne predpisy v SR. Charakteristika a obsahové vymedzenie dlhodobého nehmotného majetku podľa slovenskej právnej úpravy a IFRS. Oceňovanie dlhodobého nehmotného majetku podľa legislatívy platnej v SR a IFRS. 
610 2 0 |a účtovníctvo 
610 2 0 |a výkazy finančné 
610 2 0 |a majetok nehmotný 
610 2 0 |a majetok dlhodobý 
610 2 0 |a oceňovanie 
610 2 0 |a predpisy 
610 2 0 |a legislatíva 
610 2 0 |a harmonizácia 
610 2 0 |a štandardy účtovné medzinárodné 
100 1 |a Mokošová, Daša, 1979-